000 00879nam a2200253Ia 4500
999 _c35982
_d35982
003 GCL
005 20240530103007.0
008 140319s9999 xx 000 0 ara d
040 _aGCL /
_cGCL
082 0 4 _a070.19
_bع ح
100 1 _aعبدالله شقرون
245 1 0 _aحقوق المؤلف فى الاذاعة والتلفزيون /
_cعبدالله شقرون
260 _a[S.N] :
_bاتحاد اذاعات الدول العربية ،
_c1986
300 _a184 ص
490 _aدراسات وبحوث اذاعية
_v0
650 0 4 _aالتليفزيون
650 0 4 _aقوانين وتشريعات
650 0 4 _aبرامج التليفزيون
650 0 4 _aالاذاعة
650 0 4 _aحقوق التأليف والنشر
650 0 4 _aالاقمار الصناعية
650 0 4 _aاتحاد الاذاعة والتليفزيون
942 _2ddc
_cBK